Statistiken für Europas Hauptstädte in einer Minute

Klicken Sie hier um das Quiz zu spielen!

Allgemein

  • Dieses Quiz wurde 426 mal gespielt
  • Das Durchschnittsergebnis liegt bei 21 aus 45

Antwortstatistiken

LandHauptstadt% Korrekt
DeutschlandBerlin
93%
FrankreichParis
79%
BelgienBrüssel
76%
ItalienRom
72%
IrlandDublin
67%
FinnlandHelsinki
65%
AlbanienTirana
65%
ÖsterreichWien
64%
SchweizBern
63%
DänemarkKopenhagen
62%
NorwegenOslo
62%
LettlandRiga
59%
BulgarienSofia
59%
EstlandTallinn
59%
GriechenlandAthen
57%
SchwedenStockholm
56%
Vereinigtes
Königreich
London
55%
RusslandMoskau
54%
SpanienMadrid
53%
AndorraAndorra la Vella
51%
KroatienZagreb
49%
PortugalLissabon
48%
Bosnien und
Herzegowina
Sarajevo
47%
LiechtensteinVaduz
47%
NiederlandeAmsterdam
45%
PolenWarschau
45%
LuxemburgLuxembourg
44%
TschechienPrag
43%
LitauenVilnius
42%
IslandReykjavík
39%
MonacoMonaco
38%
UngarnBudapest
35%
UkraineKiew
35%
WeißrusslandMinsk
35%
RumänienBukarest
33%
MaltaValletta
32%
MazedonienSkopje
28%
KosovoPriština
27%
VatikanstadtVatikanstadt
26%
SerbienBelgrad
25%
San MarinoSan Marino
25%
MoldawienChișinău
20%
SlowakeiBratislava
17%
SlowenienLjubljana
15%
MontenegroPodgorica
15%

Verteilung der Resultate

Perzentil nach korrekt beantworteten Fragen

Anzahl Personen mit jedem Resultat

Ihre Resultats-Entwicklung

Sie haben dieses Quiz noch nicht gespielt